00954pam a2200253 a 4500001000700000003000500007005001700012008004100029010001700070020001600087040003000103041001300133043001200146050003200158100002800190245018300218250001200401260003400413300002100447651002100468655002500489856009700514856008900611600282SISC20160308102945.0911227s1992 nyu 000 1 eng  a 91047188  a0385420161  aDLCcDLCdDLCdOCoLCdDLC1 aenghspa an-mx---00aPQ 7298.15.S638b.Es77 19951 aEsquivel, Laura,d1950-10aLike water for chocolate :ba novel in monthly installments, with recipes, romances, and home remedies /cLaura Esquivel ; translated by Carol Christensen and Thomas Christensen. a1st ed. aNew York :bDoubleday,c1995. a245 p. :c20 cm. 0aMexicoxFiction. 7aLove stories.2gsafd423Contributor biographical informationuhttp://www.loc.gov/catdir/bios/random056/91047188.html423Publisher descriptionuhttp://www.loc.gov/catdir/description/random043/91047188.html